Name a valid Country #1 - Statistics

General Stats
  • This quiz has been taken 848 times
  • The average score is 8 of 8
Answer Stats
Hint Answer % Correct
Countries with skyscrapers over 490 meters China | USA | Taiwan | South Korea | Saudi Arabia | UAE |
100%
In the middle East Turkey | Iran | Iraq | UAE | Egypt | Yemen | Oman | Syria | Jordan | Israel | Kuwait |Bahrain | Qatar
99%
Countries with more than 175 million people China | India | USA | Indonesia | Pakistan | Brazil | Nigeria
98%
Begins with J Jamaica | Japan | Jordan
98%
With Megacities Russia | UK | France | Brazil | Mexico | USA | China | Japan | Nigeria | Philippines | Pakistan | Argentina | Indonesia | Turkey | Egypt | Peru | Bangladesh
98%
Island countries in the Meditteranean Cyprus | Malta
94%
Countries bordering 3 or more oceans Canada | USA | Russia
93%
With a Capital City beginning with 'L' Portugal | UK | Slovenia | Luxembourg | Togo | Bolivia | Peru | Zambia | Gabon | Malawi | Angola
93%
No matching quizzes found
Score Distribution
Percent of People with Each Score
Percentile by Number Answered
Your Score History
You have not taken this quiz